000 00439nam a2200181Ia 4500
001 12863
005 20260306163012.0
008 260306t1985||||xx |||||||||||||| ||spa||
041 _aESP
082 _aRD 398.098513
_bP93
100 _aPuig T., Esteban
_eAUT
245 0 _aBreve diccionario folklórico piurano
260 _c1985
300 _a254 páginas :
_c19 cm.
650 _aGEN
654 _aCHU
942 _cDIC
_dJUS
_fJUS
_2ddc
_n
999 _c12863
_d12863